|
|
|
|
| LEADER |
00000nab a2200000 a 4500 |
| 001 |
vtls000341067 |
| 003 |
SK-MaSNL |
| 005 |
20260304013230.0 |
| 008 |
230217c1988 xo 0 eng |
| 015 |
|
|
|a SNBRB19rr/mm-uuuuu
|
| 035 |
|
|
|a CL0341189
|
| 035 |
|
|
|a urn:nbn:sk:snk-ab9xwy
|
| 035 |
|
|
|a (urnnbn)urn:nbn:sk:snk:ar-a093zt
|
| 035 |
|
|
|a (uuid)71e07692-93cb-4b5d-8bac-19ea840b091c
|
| 040 |
|
|
|a SNKBUCL
|b slo
|c SNKBUCL
|e AACR2
|
| 041 |
0 |
|
|a eng
|
| 044 |
|
|
|a xo
|c SK
|
| 080 |
|
|
|a 592
|2 1981
|
| 080 |
|
|
|a 631.467
|2 1981
|
| 080 |
|
|
|a 546
|2 1981
|
| 080 |
|
|
|a 591.5
|2 1981
|
| 245 |
0 |
0 |
|a Individual variability of microelements composition in invertebrates and ITS ecological aspects
|c A. D. Pokarževskij ... [et al.]
|
| 300 |
|
|
|b Tb. 2. Res. čes., rus., lit. 10 zázn. v angl., franc.
|
| 650 |
0 |
7 |
|a bezstavovce pôdne
|2 snkbucl
|9 1293930
|
| 650 |
0 |
7 |
|a stopové prvky
|2 snkbucl
|9 29124
|
| 655 |
|
7 |
|a články z novín a časopisov
|2 snkbucl
|9 267496
|
| 700 |
1 |
|
|a Pokarževskij, A. D.
|4 aut
|9 1293931
|
| 700 |
1 |
|
|a Krivoluckij, D. A.
|4 aut
|9 1293932
|
| 700 |
1 |
|
|a Boháč, J.
|4 aut
|9 271884
|
| 700 |
1 |
|
|a Gordienko, S. A.
|4 aut
|9 1293933
|
| 700 |
1 |
|
|a Žulidov, A. V.
|4 aut
|9 1293934
|
| 773 |
0 |
|
|t Ekológia (ČSSR)
|g Roč. 7, č. 3 (1988), s. 225-231
|
| 850 |
|
|
|a Slovenská národná knižnica v Martine
|a MTA001
|
| 852 |
|
|
|a SNK
|b KIS3GCP
|
| 958 |
|
|
|a NB
|
| 958 |
|
|
|a RK
|
| 958 |
|
|
|a CZ
|
| 958 |
|
|
|a SU
|
| 958 |
|
|
|a OND
|
| 958 |
|
|
|a EUIPO
|
| 958 |
|
|
|a article13
|
| 992 |
|
|
|a RBX
|
| 999 |
|
|
|c 2575002
|d 2576932
|